| 000 | 01307cam a2200373 i 4500 | ||
|---|---|---|---|
| 999 |
_c7721 _d7721 |
||
| 001 | 991060539145906706 | ||
| 003 | OSt | ||
| 005 | 20230419125409.0 | ||
| 008 | 220503e202203 spc 001 0ccat d | ||
| 015 |
_aLL2022 _2bnc |
||
| 017 |
_aDL B 368-2022 _bBiblioteca de Catalunya |
||
| 020 | _a9788417611880 | ||
| 040 |
_aES-BaBAB _bcat _erda _cCDMR |
||
| 043 |
_ae-sp--- _be-spc-- _2catmarc |
||
| 080 |
_a316.344.42 _x(460.23) _x(091) _22004 |
||
| 080 |
_a316.343.2- _x058.13 _x(460.23) _x(091) _22004 |
||
| 080 |
_a32 _x(460.23) _x"19/20" _22004 |
||
| 080 |
_a94 _x(460.23) _x"19/20" _22004 |
||
| 100 | 1 | _aMacià, Miquel, | |
| 245 | 1 | 4 |
_aEls que manen : _bvida i miracles de les 50 famílies que mouen els fils de Catalunya / _cMiquel Macià, Pep Martí |
| 264 | 1 |
_aBarcelona : _bSaldonar, _c2022 |
|
| 300 |
_a643 pàgines ; _c21 cm |
||
| 504 | _aInclou índex | ||
| 650 | 7 |
_aElit _zCatalunya _xHistòria. _2lemac |
|
| 650 | 7 |
_aBurgesia _zCatalunya _xHistòria. _2lemac |
|
| 651 | 7 |
_aCatalunya _xPolítica i govern _yS. XX _2lemac |
|
| 651 | 7 |
_aCatalunya _xPolítica i govern _yS. XXI _2lemac |
|
| 651 | 7 |
_aCatalunya _xHistòria _yS. XX _2lemac |
|
| 651 | 7 |
_aCatalunya _xHistòria _yS. XXI. _2lemac |
|
| 700 | 1 | _aMartí Vallverdú, Pep, | |
| 908 |
_aBMON _aBAB _aBC _aUAB _aAHCB |
||
| 940 | _aOCLC | ||
| 942 |
_2udc _cMON |
||